Ville du Benelux - Top 200 Ville Europe - Statistiques

Statistiques générales
  • Ce quiz a été pris 133 fois
  • Le résultat moyen est 9 sur 11
Statistiques - réponses
Population Ville % Correct
2,43M Amsterdam
100%
2,05M Bruxelles
100%
3,20M Rotterdam/La Haye
97%
749k Liège
96%
1,03M Anvers
92%
488k Charleroi
79%
590k Gand
76%
697k Eindhoven
68%
737k Utrecht
66%
483k Groningue
47%
531k Bréda/Tilbourg
33%
Aucun quiz correspondant
Distribution des résultats
% des personnes avec chaque résultat
Percentile par nombre de réponses
Votre historique - résultats
Vous n’avez pas pris ce quiz